Detalles MARC
| 000 -CABECERA |
| campo de control de longitud fija |
01327nam a2200265 a 4500 |
| 001 - NÚMERO DE CONTROL |
| campo de control |
000048536 |
| 005 - FECHA Y HORA DE LA ÚLTIMA TRANSACCIÓN |
| campo de control |
20201002061227.0 |
| 008 - DATOS DE LONGITUD FIJA--INFORMACIÓN GENERAL |
| campo de control de longitud fija |
190328s2013 dr a 000 j spa d |
| 020 ## - NÚMERO INTERNACIONAL ESTÁNDAR DEL LIBRO |
| Número Internacional Estándar del Libro |
9789945874259 |
| 040 ## - FUENTE DE LA CATALOGACIÓN |
| Centro catalogador/agencia de origen |
DO-SdBNP |
| Lengua de catalogación |
spa |
| Centro/agencia transcriptor |
BNPHU |
| 082 ## - NÚMERO DE LA CLASIFICACIÓN DECIMAL DEWEY |
| Número de clasificación |
xxx |
| Número de documento/Ítem |
N285c |
| 245 00 - MENCIÓN DE TÍTULO |
| Título |
Naturaleza y cuentos en la escuela / |
| Mención de responsabilidad, etc. |
textos Indiana Ramírez Martínez ... [et al.] ; ilustraciones Arlette Espaillat ; coordinación editorial Tomiko Castro. |
| 260 ## - PUBLICACIÓN, DISTRIBUCIÓN, ETC. |
| Lugar de publicación, distribución, etc. |
Santo Domingo : |
| Nombre del editor, distribuidor, etc. |
Fundación Propa-Gas, |
| Fecha de publicación, distribución, etc. |
2013. |
| 300 ## - DESCRIPCIÓN FÍSICA |
| Extensión |
32 p. : |
| Otras características físicas |
il. ; |
| Dimensiones |
22 cm. |
| 500 ## - NOTA GENERAL |
| Nota general |
Cuentos Infantiles Costarricenses |
| 505 0# - NOTA DE CONTENIDO CON FORMATO |
| Nota de contenido con formato |
Primer lugar |
| Título |
La última mariposa -- |
| Mención de responsabilidad |
Indiana Ramírez Martínez |
| Título |
Segundo lugar |
| -- |
La aldea de Chipitín -- |
| Mención de responsabilidad |
Gregoria Margarita López |
| Título |
Menciones |
| -- |
El Hada Rose -- |
| Mención de responsabilidad |
Ilka Janina González Ureña |
| Título |
Salvadores del hábitat -- |
| -- |
Lourdes Altagracia Ureña |
| -- |
Dos gotitas de lluvía -- |
| Mención de responsabilidad |
Rosa Aura Ceballos |
| Título |
La ciudad de los dientes -- |
| Mención de responsabilidad |
Indiana Ramírez Martínez. |
| 590 ## - NOTA LOCAL (RLIN) |
| Nota local |
Inventariado, 2019/LP |
| 700 1# - PUNTO DE ACCESO ADICIONAL--NOMBRE DE PERSONA |
| Nombre de persona |
Ramírez Martínez, Indiana |
| 9 (RLIN) |
75999 |
| 700 1# - PUNTO DE ACCESO ADICIONAL--NOMBRE DE PERSONA |
| Nombre de persona |
López, Gregoria Margarita, |
| 9 (RLIN) |
76000 |
| 700 1# - PUNTO DE ACCESO ADICIONAL--NOMBRE DE PERSONA |
| Nombre de persona |
González Ureña, Ilka Janina |
| 9 (RLIN) |
76001 |
| 700 1# - PUNTO DE ACCESO ADICIONAL--NOMBRE DE PERSONA |
| Nombre de persona |
Ceballos, Rosa Aura |
| 9 (RLIN) |
76002 |
| 700 1# - PUNTO DE ACCESO ADICIONAL--NOMBRE DE PERSONA |
| Nombre de persona |
Ureña, Lourdes Altagracia |
| 9 (RLIN) |
76003 |
| 700 1# - PUNTO DE ACCESO ADICIONAL--NOMBRE DE PERSONA |
| Nombre de persona |
Castro,Tomiko, |
| Término indicativo de función/relación |
coord. |
| 9 (RLIN) |
76004 |
| 700 1# - PUNTO DE ACCESO ADICIONAL--NOMBRE DE PERSONA |
| Nombre de persona |
Espaillat, Arlette, |
| Término indicativo de función/relación |
il. |
| 9 (RLIN) |
76005 |